000 00921nam a22002177a 4500
999 _c8856
_d8856
003 AR-CdUCM
008 190326b ||||| |||| 00| 0 espa d
040 _aMUNICIPALIDAD PROVINCIAL DEL CUSCO
_cBIBLIOTECA MUNICIPAL DEL CUSCO
082 _a150 /
_bH99
100 _aHyman, Ray
_924657
245 _aCarácter de la investigación psicologica /
260 _aMéxico D.F. :
_bUTEHA,
_c1965.
300 _aX ; 201 páginas ;
_c17 cm.
440 _aManuales UTEHA.
_nSección 8
_nPsicologia
_n267 / 267a
_924658
505 _aContenido : Métodos y contenido de la investigación -- El proceso de la investigación -- Obtención de las ideas -- Obtención de los hechos -- Tratamiento de los datos -- Interpretación de los datos -- Comunicación de los resultados.
650 _aPsicologia
_91538
650 _aInvestigación
_91940
700 _aGerhard, Carlos (traductor)
_98030
942 _2ddc
_cLIBROS
945 _azta